LET ME READ TO YOU : (Record no. 193076)

MARC details
000 -LEADER
fixed length control field 01342nam a2200385 ia4500
003 - CONTROL NUMBER IDENTIFIER
control field OSt
005 - DATE AND TIME OF LATEST TRANSACTION
control field 20230917105510.0
008 - FIXED-LENGTH DATA ELEMENTS--GENERAL INFORMATION
fixed length control field 230917t20232023my a jr 000 1 eng
020 ## - INTERNATIONAL STANDARD BOOK NUMBER
International Standard Book Number 9789672728474
Qualifying information paperback
Terms of availability RM 69.90
040 ## - CATALOGING SOURCE
Original cataloging agency PPAK
Language of cataloging eng
Transcribing agency PPAK
Description conventions rda
082 04 - DEWEY DECIMAL CLASSIFICATION NUMBER
Classification number 428.6
Edition number 23
090 00 - LOCALLY ASSIGNED LC-TYPE CALL NUMBER (OCLC); LOCAL CALL NUMBER (RLIN)
Classification number (OCLC) (R) ; Classification number, CALL (RLIN) (NR) 428.6
Feature heading OON
Feature heading K
100 1# - MAIN ENTRY--PERSONAL NAME
Personal name Oonweil, Xyc,
Relator term author,
245 10 - TITLE STATEMENT
Title LET ME READ TO YOU :
Remainder of title Underwater Robots /
Statement of responsibility, etc. Author: Xyc Oonweil, Shabnam Minwalla ; Illustrator: Adrija Ghosh.
246 33 - VARYING FORM OF TITLE
Title proper/short title Underwater Robots
264 #1 - PRODUCTION, PUBLICATION, DISTRIBUTION, MANUFACTURE, AND COPYRIGHT NOTICE
Place of production, publication, distribution, manufacture Petaling Jaya, Selangor :
Name of producer, publisher, distributor, manufacturer Edu Apps (Mal) Sdn. Bhd.,
Date of production, publication, distribution, manufacture, or copyright notice 2023
Date of production, publication, distribution, manufacture, or copyright notice ©2023
300 ## - PHYSICAL DESCRIPTION
Extent 18 pages :
Other physical details colour illustrations ;
Dimensions 21 cm.
336 ## - CONTENT TYPE
Content type term text
Source rdacontent
Content type term still image
Source rdacontent
337 ## - MEDIA TYPE
Media type term unmediated
Source rdamedia
338 ## - CARRIER TYPE
Carrier type term volume
Source rdacarrier
490 1# - SERIES STATEMENT
Series statement STEM SERIES
500 ## - GENERAL NOTE
General note RE@RE recordable audio books
General note Contain QR codes for pre-recorded audio
650 10 - SUBJECT ADDED ENTRY--TOPICAL TERM
Topical term or geographic name entry element English language
Form subdivision Readers
-- Juvenile fiction
Topical term or geographic name entry element Autonomous underwater vehicles
Form subdivision Juvenile literature
Topical term or geographic name entry element Robotic fish
Form subdivision Juvenile fiction
Topical term or geographic name entry element Children's stories, English
Topical term or geographic name entry element Audiobooks
700 1# - ADDED ENTRY--PERSONAL NAME
Personal name Minwalla, Shabnam
Relator term author.
Personal name Ghosh, Adrija,
Relator term illustrator.
830 #0 - SERIES ADDED ENTRY--UNIFORM TITLE
Uniform title STEM SERIES
942 ## - ADDED ENTRY ELEMENTS (KOHA)
Source of classification or shelving scheme Dewey Decimal Classification
Koha item type Book
Holdings
Withdrawn Not for loan Current library Shelving location Date acquired Total Checkouts Full call number Barcode Date last seen Date last checked out Koha item type Total Renewals
    Perpustakaan Alor Setar Pinjaman Kanak-kanak 08/11/2023 1 K 428.6 OON A01795748 17/03/2024 25/02/2024 Book  
    Perpustakaan Awam Sungai Petani Pinjaman Kanak-kanak 08/11/2023 2 K 428.6 OON A01795749 04/05/2024 20/04/2024 Book 1
    Perpustakaan Jitra Pinjaman Kanak-kanak 08/11/2023 1 K 428.6 OON A01795750 02/06/2024 24/04/2024 Book  
    Perpustakaan Kulim Pinjaman Kanak-kanak 08/11/2023 3 K 428.6 OON A01795752 06/04/2025 24/03/2025 Book  
    Perpustakaan Langkawi Pinjaman Kanak-kanak 08/11/2023 1 K 428.6 OON A01795751 23/06/2024 12/06/2024 Book